000 00822nam a2200205 a 4500
003 0
005 20250311142507.0
008 090709s19uu xx 00 eng d
050 _aPHS LB 1050.5
_b.J62 2009
100 _aJo, Hyun Min L.
245 _aReading habits and vocabulary skills of selected grade 11 students of Southville International School and Colleges /
_cHyun Min L. Jo.
260 _aLas PiƱas City, Philippines :
_bSouthville International School and Colleges,
_c2009.
300 _a44 pages :
_billustrations ;
_c28 cm.
504 _aIncludes bibliographical references.
650 _aReading
_xAbility testing.
650 _aVocabulary
_xStudy and teaching (Secondary).
650 _aHigh school students
_xBooks and reading.
650 _aReading (Secondary)
_xStudy and teaching.
942 _2lcc
_cPASS
999 _c98247
_d98247